History Quiz

Random History or Nation Quiz

Three-Part Names: US History Quiz Stats

 Plays Quiz Updated Sep 27, 2017

Score 0/22 Timer 05:00
1 Play Today
% Correct
Franklin
97.8%
Edgar
97.4%
Alexander
97.1%
Lyndon
95.6%
Lee
94.7%
Martin
94%
John
93.6%
Ralph
88.5%
Harriet
87.2%
Buffalo
85.7%
Louisa
84.9%
% Correct
George
84.8%
Thomas
84.4%
Frank
84%
Francis
82.5%
Henry
80.9%
William
67.9%
James
67.8%
Elizabeth
61.9%
Zora
45.5%
Frederick
35.1%
Lou
32.2%

You're not logged in!

Compare scores with friends on all Sporcle quizzes.
OR
Log In

You Might Also Like...

Show Comments

Extras

Top Quizzes Today


Score Distribution

Your Account Isn't Verified!

In order to create a playlist on Sporcle, you need to verify the email address you used during registration. Go to your Sporcle Settings to finish the process.

Report this User

Report this user for behavior that violates our Community Guidelines.

Details: